Evaluación financiera de proyectos de inversión (Registro nro. 35762)

Detalles MARC
000 -ENCABEZADO
Número de control [NR] 00762nam a2200217Ia 4500
008 - DE LONGITUD FIJA DE DATOS DE ELEMENTOS - INFORMACIÓN GENERAL
Elementos de longitud fija [NR] 130821s1988 ck a gr spa
020 ## - NUMERO INTERNACIONAL NORMALIZADO PARA LIBROS [R]
Número Internacional Normalizado del libro [NR] 9580404526
040 ## - FUENTE DE CATALOGACION [NR]
Agencia de catalogación original [NR] Co-BoUCM
Idioma de catalogación [NR] spa
041 00 - CODIGO DE IDIOMA [R]
Código de idioma para texto/pista de sonido o título separado [R] Español
100 1# - ASIENTO PRINCIPAL--NOMBRE PERSONAL [NR]
Nombre personal [NR] Infante Villarreal, Arturo
245 10 - MENCION DE TITULO [NR]
Título [NR] Evaluación financiera de proyectos de inversión
Mención de responsabilidad, etc. [NR] Arturo Infante Villarreal.
260 ## - PUBLICACION, DISTRIBUCION, ETC. (PIE DE IMPRENTA) [R]
Lugar de publicación, distribución, etc. [R] Bogotá (Colombia)
Nombre del editor, distribuidor, etc. [R] Norma
Fecha de publicación, distribución, etc. [R] 1988
300 ## - DESCRIPCION FISICA [R]
Extensión [R] 400 páginas
Otros detalles físicos [NR] ilustraciones, cuadros, tablas
500 ## - NOTA GENERAL [R]
Nota general [NR] Ejemplar 11 donación Dr. Guillermo Galán.
504 ## - NOTA DE BIBLIOGRAFIA, ETC. [R]
Nota de bibliografía, etc. [NR]
650 04 - ASIENTO SECUNDARIO DE MATERIA - TERMINO TEMATICO [R]
Término temático o nombre geográfico como elemento de entrada [NR] Evaluación de proyectos
9 (RLIN) 15321
650 04 - ASIENTO SECUNDARIO DE MATERIA - TERMINO TEMATICO [R]
Término temático o nombre geográfico como elemento de entrada [NR] Finanzas
9 (RLIN) 7628
650 04 - ASIENTO SECUNDARIO DE MATERIA - TERMINO TEMATICO [R]
Término temático o nombre geográfico como elemento de entrada [NR] Inversiones
9 (RLIN) 17948
942 ## - ELEMENTOS DE ENTRADA AGREGADOS (KOHA)
Tipo de ítem principal el descrito en 300a Libro
Tema principal Economía
Edición 1
Parte restante de la signatura top. I53
Sistema de clasificación DEWEY
Clasificación 332.6
Existencias
Fecha de último préstamo Total préstamos Total Renewals Signatura topográfica Código de barras Última vez visto Ejemplar Price effective from Tipo de ítem Nota pública (OPAC) Perdido Sistema de clasificación Dañado No prestable Tipo de ítem específico Suprimido Ubicación habitual Ubicación actual Localización Fecha de creación Forma de adquisición Costo
29/10/2016 43 2 332.6 I53 100044692 04/12/2025 Ej.5 03/02/2013 Libro Spot Finanzas   DEWEY     Libro   Claustro Claustro Mezanine 28/02/2003 Compra 22000.00
28/04/2015 39   332.6 I53 100044695 04/12/2025 Ej.8 03/02/2013 Libro Spot Finanzas   DEWEY     Libro   Claustro Claustro Mezanine 28/02/2003 Compra 22000.00
18/04/2017 13 1 332.6 I53 100030460 04/12/2025 Ej.2 03/02/2013 Libro Spot Finanzas   DEWEY     Libro   Claustro Claustro Mezanine 28/02/2003 Compra 6500.00
13/04/2004 1   332.6 I53 100037300 04/12/2025 Ej.4 03/02/2013 Libro Spot Finanzas   DEWEY     Libro   Claustro Claustro Mezanine 28/02/2003 Compra 16900.00